Statistics for Bring Me The Horizon Charting Songs (BB Hot Rock / Alt)

Click here to take the quiz!

General Stats

  • This quiz has been taken 58 times
    (7 since last reset)
  • The average score is 13 of 31

Answer Stats

AlbumWeeks OnPeakArtist(s)Song% Correct
Sempiternal12 Weeks#39Bring Me The HorizonCan You Feel My Heart
83%
That's the Spirit20 Weeks#11Bring Me The HorizonDrown
83%
That's the Spirit32 Weeks#19Bring Me The HorizonHappy Song
83%
Post Human: Survival Horror2 Weeks#21Bring Me The Horizon with YUNGBLUDObey
83%
That's the Spirit24 Weeks#12Bring Me The HorizonThrone
83%
Post Human: Survival Horror1 Week#30Bring Me The Horizon ft. Nova Twins1x1
67%
Post Human: Survival Horror9 Weeks#16Bring Me The HorizonTeardrops
67%
Post Human 21 Week#42Bring Me The Horizon ft. Lil Uzi Vert & Daryl PalumboAmEN!
50%
That's the Spirit1 Week#41Bring Me The HorizonDoomed
50%
Post Human: Survival Horror1 Week#26Bring Me The Horizon ft. BABYMETALKingslayer
50%
Mainstream Sellout20 Weeks#6Machine Gun Kelly & Bring Me The Horizonmaybe
50%
Post Human 21 Week#28Bring Me The HorizonsTraNgeRs
50%
That's the Spirit7 Weeks#22Bring Me The HorizonTrue Friends
50%
Pink Tape4 Weeks#5Lil Uzi Vert ft. Bring Me The HorizonWerewolf
50%
Non-Album Single2 Weeks#19Ed Sheeran ft. Bring Me The HorizonBad Habits
33%
Non-Album Single1 Week#42Bring Me The HorizonDArkSide
33%
Post Human: Survival Horror1 Week#37Bring Me The HorizonDear Diary,
33%
Post Human 24 Weeks#23Bring Me The HorizonDiE4u
33%
Post Human 22 Weeks#25Bring Me The HorizonKool-Aid
33%
Post Human 22 Weeks#22Bring Me The HorizonLosT
33%
amo1 Week#23Bring Me The Horizonmother tongue
33%
amo1 Week#45Bring Me The Horizon ft. Grimesnihilist blues
33%
Post Human: Survival Horror6 Weeks#10Bring Me The HorizonParasite Eve
33%
amo1 Week#47Bring Me The Horizonsugar honey ice & tea
33%
Non-Album Single1 Week#35CORPSE & Bring Me The HorizonCODE MISTAKE
17%
That's the Spirit5 Weeks#34Bring Me The HorizonFollow You
17%
amo1 Week#48Bring Me The Horizonin the dark
17%
amo6 Weeks#9Bring Me The Horizonmedicine
17%
amo1 Week#33Bring Me The Horizon ft. Dani Filthwonderful life
17%
Death Stranding: Timefall and Post Human: Survival Horror6 Weeks#13Bring Me The HorizonLudens
0%
amo20 Weeks#15Bring Me The HorizonMANTRA
0%

Score Distribution

Percentile by Number Answered

Percent of People with Each Score

Your Score History

You have not taken this quiz since the last reset